Southville International School and Colleges
Your cart is empty.
  • Cart
  • Lists
    Public lists Eva Luna New books Lux_list list_1
    Your lists Log in to create your own lists
  • Log in to your account
  • Your cookies
  • Search history
Southville International School and Colleges
  • Advanced search
  • Recent comments
  • Most popular
  • Libraries

Log in to your account

Log in with GOOGLE


If you do not have an external account, but do have a local account, you can still log in:

  1. Home
  2. MARC view: Case studies in abnormal psychology /
Normal view MARC view ISBD view

Case studies in abnormal psychology / (Record no. 362686)

[ view plain ]
MARC details
000 -LEADER
fixed length control field 00381nam a2200133Ia 4500
008 - FIXED-LENGTH DATA ELEMENTS--GENERAL INFORMATION
fixed length control field 191111s9999 xx 000 0 und d
020 ## - INTERNATIONAL STANDARD BOOK NUMBER
International Standard Book Number 9781506352701
100 ## - MAIN ENTRY--PERSONAL NAME
Personal name Levy, Kenneth N.
245 ## - TITLE STATEMENT
Statement of responsibility, etc Kenneth N. Levy.--
Title Case studies in abnormal psychology /
260 ## - PUBLICATION, DISTRIBUTION, ETC. (IMPRINT)
Place of publication, distribution, etc USA :
Name of publisher, distributor, etc Sage
Date of publication, distribution, etc 2018
300 ## - PHYSICAL DESCRIPTION
Extent vii, 151 pages.
650 ## - SUBJECT ADDED ENTRY--TOPICAL TERM
Topical term or geographic name as entry element Psychiatry
650 ## - SUBJECT ADDED ENTRY--TOPICAL TERM
Topical term or geographic name as entry element Psychology, Pathological
Holdings
Withdrawn status Lost status Damaged status Home library Current library Shelving location Date acquired Source of acquisition Total Checkouts Total Renewals Full call number Barcode Date last seen Date checked out Price effective from Koha item type
      College Library College Library Reserve Section 11/11/2019 Library Fund 4 1 RC 465 .L668 2018 C22040 02/26/2026 02/20/2026 11/11/2019 Books

Case studies in abnormal psychology /

APA

Levy K. N., . (2018). Case studies in abnormal psychology. USA: Sage.

Chicago

Levy Kenneth N, . 2018. Case studies in abnormal psychology. USA: Sage.

Harvard

Levy K. N., . (2018). Case studies in abnormal psychology. USA: Sage.

MLA

Levy Kenneth N, . Case studies in abnormal psychology. USA: Sage. 2018.

  • Place hold
  • Print
  • Cite
  • Add to your cart (remove)
  • Save record
    BIBTEX Dublin Core MARCXML MARC (non-Unicode/MARC-8) MARC (Unicode/UTF-8) MARC (Unicode/UTF-8, Standard) MODS (XML) RIS
  • More searches
    Search for this title in:
    Other Libraries (WorldCat) Other Databases (Google Scholar) Online Stores (Bookfinder.com) Open Library (openlibrary.org)

Exporting to Dublin Core...

SOUTHVILLE LIBRARY

Southville International School and Colleges Library

1281 Tropical Ave. Cor. Luxembourg St., BF Homes International, Las Pinas City

Tel. No. 8256374 / 252358 Loc. 117/146

Powered by Koha